[Event "SK Mladi radnik - SK Rudar"]
[Site "Pozarevac"]
[Date "2007.03.25"]
[Round "1"]
[White "Mickovic, Slavisa"]
[Black "Bura, Goran"]
[Result "1/2-1/2"]
[WhiteElo "2075"]
[BlackElo "2263"]
[PlyCount "43"]

1. d4 Nf6 2. c4 e6 3. Nc3 Bb4 4. Qc2 d5 5. Bg5 c5 6. cxd5 exd5 7. Nf3 Nc6 8. e3
h6 9. Bxf6 Qxf6 10. dxc5 O-O 11. a3 Bxc3+ 12. Qxc3 Qxc3+ 13. bxc3 Be6 14. Rb1
Rab8 15. Kd2 Rfc8 16. Bd3 Na5 17. Rb5 Rxc5 18. Rhb1 Rbc8 19. Rxc5 Rxc5 20. Nd4
Kf8 21. Rb5 Rxb5 22. Bxb5 1/2-1/2

[Event "SK Rudar - SK Mladi radnik"]
[Site "Pozarevac"]
[Date "2007.03.25"]
[Round "1"]
[White "Vasic, Milena"]
[Black "Karaklajic, Milutin"]
[Result "0-1"]
[WhiteElo "2167"]
[BlackElo "2116"]
[PlyCount "108"]

1. d4 e6 2. c4 d5 3. Nf3 dxc4 4. e3 a6 5. Bxc4 b5 6. Bb3 Bb7 7. O-O Nf6 8. Nc3
c5 9. Re1 Be7 10. e4 b4 11. Na4 Nxe4 12. Qc2 Nf6 13. Nxc5 Bxf3 14. gxf3 O-O 15.
Qc4 Bxc5 16. dxc5 Nc6 17. Bf4 Nd5 18. Bd6 Qf6 19. Qe4 Nd4 20. f4 Nxb3 21. axb3
Rfc8 22. f5 Qg5+ 23. Bg3 Qxf5 24. Qxf5 exf5 25. Re5 Rxc5 26. Rd1 Rd8 27. Rxf5
f6 28. Rf3 Kf7 29. Rfd3 g5 30. Rd4 a5 31. Rc4 Rb5 32. Rcd4 h5 33. f3 h4 34. Bf2
Ke6 35. h3 Rc8 36. Rc4 Rd8 37. Rc6+ Kf5 38. Bc5 Kf4 39. Kf2 Rd7 40. Be3+ Kf5
41. Bc5 Ne7 42. Rxd7 Nxc6 43. Be3 Ne5 44. Rd6 Rb8 45. Rd2 Rb7 46. Bc5 Ng6 47.
Bd4 Rc7 48. Be3 Ne5 49. Ke2 Re7 50. Kf2 Rd7 51. Rc2 Rd3 52. Rc5 Rxb3 53. Rxa5
Rxb2+ 54. Ke1 Rh2 0-1

[Event "SK Zadrugar - SK Vojvoda Milenko"]
[Site "Klicevac"]
[Date "2007.03.25"]
[Round "1"]
[White "Jakovljevic, Zivota"]
[Black "Kostic, Dalibor"]
[Result "1-0"]
[WhiteElo "2151"]
[BlackElo "2053"]
[PlyCount "53"]

1. d4 Nf6 2. c4 c5 3. d5 b5 4. cxb5 a6 5. b6 Qxb6 6. Nc3 g6 7. e4 d6 8. Qc2 Bg7
9. Nf3 O-O 10. Be2 e6 11. dxe6 Bxe6 12. O-O Nc6 13. Bf4 Rfd8 14. Rac1 Bg4 15.
b3 Rac8 16. Bg5 Be6 17. Qd2 Qb4 18. Bxa6 Ra8 19. Bd3 Nd4 20. Nxd4 Qxd4 21. Nb5
Qb4 22. Qxb4 cxb4 23. Bb1 h6 24. Bf4 Nh5 25. Bxd6 Ra6 26. Bxb4 Rb6 27. Ba5 1-0

[Event "SK Zadrugar - SK Mladi radnik"]
[Site "Pozarevac"]
[Date "2007.04.01"]
[Round "2"]
[White "Trifunovic, Miroljub"]
[Black "Mickovic, Slavisa"]
[Result "1/2-1/2"]
[WhiteElo "2270"]
[BlackElo "2075"]
[PlyCount "110"]

1. d4 d5 2. c4 dxc4 3. Nf3 e6 4. Nc3 Nf6 5. Qa4+ c6 6. Qxc4 Be7 7. a4 b6 8. g3
O-O 9. Bg2 Bb7 10. O-O c5 11. Rd1 Qc8 12. Bg5 cxd4 13. Qxc8 Rxc8 14. Nxd4 Bxg2
15. Kxg2 Nc6 16. Nxc6 Rxc6 17. a5 bxa5 18. Rxa5 h6 19. Be3 a6 20. Ra2 Bb4 21.
Bd4 Rd8 22. Rd3 Bxc3 23. Rxc3 Rxc3 24. Bxc3 Rd6 25. Kf3 Nd5 26. Ba5 Rc6 27. e4
Nf6 28. Bc3 Nd7 29. Ra4 f6 30. Rd4 Ne5+ 31. Ke2 Kf7 32. f4 Nc4 33. Rd7+ Kg8 34.
Kd3 Rd6+ 35. Rxd6 Nxd6 36. Bb4 Nb7 37. f5 Kf7 38. g4 g6 39. Kd4 h5 40. h3 hxg4
41. hxg4 gxf5 42. gxf5 exf5 43. exf5 Ke8 44. Kd5 Kd7 45. Bc5 Nd8 46. Bd4 Ke7
47. b4 Nf7 48. Be3 Kd7 49. Bf4 Nd8 50. Bd2 Nf7 51. Bf4 Nd8 52. Kc5 a5 53. bxa5
Nb7+ 54. Kb6 Nxa5 55. Kxa5 Kc6 1/2-1/2

[Event "SK Zadrugar - SK Mladi radnik"]
[Site "Pozarevac"]
[Date "2007.04.01"]
[Round "2"]
[White "Rajkovic, Ljubisa"]
[Black "Rajkovic, Ljubomir"]
[Result "1-0"]
[WhiteElo "2196"]
[BlackElo "2208"]
[PlyCount "101"]

1. c4 Nf6 2. Nc3 g6 3. e4 d6 4. d4 Bg7 5. f3 O-O 6. Be3 Nc6 7. Qd2 a6 8. Nge2
Rb8 9. a4 Bd7 10. d5 Nb4 11. Nd4 c5 12. Nb3 e6 13. Be2 exd5 14. cxd5 Re8 15.
O-O Qe7 16. Bg5 Qf8 17. g4 h6 18. Bf4 Nh7 19. Kh1 g5 20. Bg3 Be5 21. Bxe5 Rxe5
22. Rf2 Qe7 23. Nd1 Re8 24. Nc3 Qf6 25. Bf1 Qg6 26. Na5 Bc8 27. Nc4 R5e7 28. a5
Rd8 29. Rd1 Qf6 30. h3 Nf8 31. f4 gxf4 32. Qxf4 Qxf4 33. Rxf4 Kg7 34. Rd2 Ng6
35. Rf3 Ne5 36. Nxe5 Rxe5 37. Rdf2 Re7 38. Kh2 Bd7 39. Kg3 Be8 40. h4 Re5 41.
h5 Rd7 42. Bh3 Rde7 43. Kf4 Bb5 44. Rd2 c4 45. Bf1 Rc7 46. Ke3 Rg5 47. Rf4 Bd7
48. Rg2 Rc5 49. Kd4 Rxa5 50. Bxc4 Rc5 51. Rgf2 1-0

[Event "SK Mladi radnik - SK Zadrugar"]
[Site "Pozarevac"]
[Date "2007.04.01"]
[Round "2"]
[White "Karaklajic, Milutin"]
[Black "Klcesko, Nebojsa"]
[Result "1-0"]
[WhiteElo "2116"]
[BlackElo "1804"]
[PlyCount "77"]

1. e4 c6 2. d4 d5 3. exd5 cxd5 4. c4 Nf6 5. Nc3 e6 6. Bg5 Be7 7. Nf3 dxc4 8.
Bxc4 O-O 9. O-O Nc6 10. Re1 a6 11. Rc1 b5 12. Bb3 Na5 13. Bc2 Bb7 14. Ne5 Rc8
15. Qd3 g6 16. h4 Nc4 17. Qh3 Kg7 18. b3 Nb6 19. Qe3 Nfd5 20. Nxd5 Nxd5 21.
Bh6+ Kg8 22. Qf3 Rc3 23. Bd3 Rxc1 24. Rxc1 Bb4 25. Bxf8 Qxf8 26. Be4 Ba5 27.
Rc2 Kg7 28. Bxd5 Bxd5 29. Qc3 Bd8 30. Qc5 Qe8 31. Qa7 a5 32. Rc8 Qe7 33. Qxe7
Bxe7 34. Rc7 Kf8 35. Ra7 Bb4 36. Rxf7+ Kg8 37. Rc7 a4 38. bxa4 bxa4 39. Nc6 1-0

[Event "SK Ub - SK Spartak"]
[Site "Ub"]
[Date "2007.04.01"]
[Round "2"]
[White "Ivanovic, Dragutin"]
[Black "Sredojevic, Ivan"]
[Result "1/2-1/2"]
[WhiteElo "2350"]
[BlackElo "2351"]
[PlyCount "96"]

1. d4 Nf6 2. c4 c5 3. d5 b5 4. cxb5 a6 5. bxa6 Bxa6 6. Nc3 d6 7. e4 Bxf1 8.
Kxf1 g6 9. g3 Bg7 10. Kg2 O-O 11. Nf3 Nbd7 12. Re1 Qa5 13. h3 Rfb8 14. e5 dxe5
15. Nxe5 Nxe5 16. Rxe5 Ra7 17. Qe2 Qb6 18. Bf4 Rbb7 19. Qf3 Nh5 20. Re2 Nxf4+
21. Qxf4 Qd8 22. Qc4 Ra5 23. Rae1 Rb4 24. Qd3 Rd4 25. Qf3 Bf6 26. a4 Kg7 27.
Re4 Rd2 28. R1e2 Rxe2 29. Rxe2 Ra7 30. Rd2 Qa5 31. Rc2 Qb4 32. Qd3 c4 33. Qe3
Ra5 34. Qe4 Bxc3 35. bxc3 Qxa4 36. Qd4+ Kg8 37. Rd2 Qb5 38. Qe4 Ra7 39. Rd4 Rc7
40. h4 h5 41. g4 hxg4 42. h5 gxh5 43. Qf5 Qb6 44. Qxh5 Qf6 45. Rxg4+ Kf8 46.
Qh7 Ke8 47. Rg8+ Kd7 48. Qh3+ e6 1/2-1/2

[Event "SK Spartak - SK Ub"]
[Site "Ub"]
[Date "2007.04.01"]
[Round "2"]
[White "Cabarkapa, Miomir"]
[Black "Sandic, Vladeta"]
[Result "0-1"]
[WhiteElo "2198"]
[BlackElo "2326"]
[PlyCount "72"]

1. Nf3 c5 2. c4 Nf6 3. Nc3 d5 4. cxd5 Nxd5 5. Qb3 Nc7 6. g3 Nc6 7. Bg2 e5 8. d3
Be7 9. O-O O-O 10. Be3 Nd4 11. Qd1 f6 12. Rc1 Be6 13. b3 Nd5 14. Nxd4 cxd4 15.
Nxd5 Bxd5 16. Bxd5+ Qxd5 17. Bd2 Rac8 18. Rc2 Ba3 19. Qb1 Qe6 20. Bc1 Rxc2 21.
Qxc2 Rc8 22. Qd2 Qe7 23. Bxa3 Qxa3 24. f4 Qc5 25. fxe5 Qxe5 26. Rc1 Rc3 27. Kf1
b5 28. b4 g5 29. e4 Kg7 30. Ke2 h5 31. Rxc3 dxc3 32. Qe3 Qc7 33. Kd1 Qf7 34.
Kc2 Qxa2+ 35. Kxc3 Qa3+ 36. Kc2 Qa4+ 0-1

[Event "SK Ub - SK Spartak"]
[Site "Ub"]
[Date "2007.04.01"]
[Round "2"]
[White "Milanovic, Slavisa"]
[Black "Jovcic, Zoran"]
[Result "1-0"]
[WhiteElo "2304"]
[BlackElo "2170"]
[PlyCount "81"]

1. c4 e6 2. Nc3 d5 3. d4 Nf6 4. Nf3 Be7 5. Bf4 a6 6. c5 O-O 7. e3 Re8 8. h3
Nbd7 9. b4 Ne4 10. Nxe4 dxe4 11. Nd2 Nf6 12. a3 Nd5 13. Be5 f6 14. Bh2 f5 15.
Be5 Bd7 16. Qb3 Bb5 17. Bc4 Bg5 18. O-O Qd7 19. a4 Bxc4 20. Nxc4 Qf7 21. b5 Qg6
22. bxa6 bxa6 23. Rab1 Rf8 24. f3 f4 25. exf4 Bxf4 26. fxe4 Qxe4 27. Rbe1 Qg6
28. Rf3 Rab8 29. Qd1 Rb4 30. Qe2 Rf5 31. Ref1 Rxc4 32. Qxc4 Ne3 33. Rxe3 Bxe3+
34. Kh2 Rg5 35. Qe2 Qe4 36. Qf3 Qxf3 37. Rxf3 Bc1 38. g4 c6 39. Kg3 h5 40. Rb3
hxg4 41. hxg4 1-0

[Event "SK Spartak - SK Ub"]
[Site "Ub"]
[Date "2007.04.01"]
[Round "2"]
[White "Djuricic, Toma"]
[Black "Nikolic, Dragovan"]
[Result "0-1"]
[WhiteElo "2216"]
[BlackElo "2301"]
[PlyCount "82"]

1. e4 c5 2. Nf3 Nc6 3. d4 cxd4 4. Nxd4 g6 5. Nc3 Bg7 6. Be3 Nf6 7. f3 O-O 8.
Qd2 d5 9. O-O-O dxe4 10. Nxc6 Qxd2+ 11. Rxd2 bxc6 12. Bc4 exf3 13. gxf3 Bf5 14.
Rhd1 Rfe8 15. Ne2 e5 16. Rd6 Rec8 17. Ng3 Bh3 18. Ba6 Nd5 19. Bxc8 Rxc8 20.
Bxa7 Bf8 21. Rxc6 Rxc6 22. Rxd5 f6 23. Be3 Kf7 24. Ne4 Bg2 25. Nd2 g5 26. Rd7+
Kg6 27. Kd1 h5 28. c3 Bh3 29. Rb7 Ra6 30. Rb6 Rxa2 31. Ne4 Be7 32. Bxg5 Ra1+
33. Ke2 Rh1 34. Bxf6 Rxh2+ 35. Ke3 Bxf6 36. Nxf6 Kg5 37. Ne4+ Kh4 38. b4 Bf1
39. Rg6 Re2+ 40. Kd3 Rg2+ 41. Ke3 Rxg6 0-1

[Event "Pozarevacki SK - SK Zadrugar"]
[Site "Pozarevac"]
[Date "2007.04.15"]
[Round "3"]
[White "Mitrovic, Petar"]
[Black "Dochev, Dimitar"]
[Result "1/2-1/2"]
[WhiteElo "2374"]
[BlackElo "2405"]
[PlyCount "44"]

1. e4 e6 2. d4 d5 3. e5 c5 4. c3 Nc6 5. Nf3 Bd7 6. Be2 Nge7 7. h4 cxd4 8. cxd4
Qb6 9. b3 Nf5 10. Bb2 Bb4+ 11. Kf1 h5 12. Nc3 Ncxd4 13. Nxd5 exd5 14. Nxd4 Bc5
15. Nxf5 Bxf5 16. Bxh5 Bxf2 17. Qf3 Rxh5 18. Qxf2 Rc8 19. Qxb6 axb6 20. Rc1
Rxc1+ 21. Bxc1 Bd3+ 22. Kf2 Rxe5 1/2-1/2

[Event "SK Zadrugar - Pozarevacki SK"]
[Site "Pozarevac"]
[Date "2007.04.15"]
[Round "3"]
[White "Trifunovic, Miroljub"]
[Black "Dmitrovic, Tomislav"]
[Result "1/2-1/2"]
[WhiteElo "2270"]
[BlackElo "2266"]
[PlyCount "104"]

1. Nf3 Nf6 2. c4 g6 3. g3 Bg7 4. Bg2 O-O 5. O-O c6 6. d4 d5 7. cxd5 cxd5 8. Nc3
e6 9. Ne5 Nfd7 10. Nf3 Nf6 11. Bf4 Nc6 12. Ne5 Nh5 13. Nxc6 bxc6 14. Be3 f5 15.
Qd2 Rf7 16. Rac1 Qd6 17. Bf4 Nxf4 18. gxf4 Rb8 19. e3 g5 20. fxg5 f4 21. exf4
Rb4 22. Ne2 Ba6 23. Bh3 Bxe2 24. Qxe2 Rxf4 25. Qxe6+ Qxe6 26. Bxe6+ Kf8 27.
Rxc6 Bxd4 28. Bxd5 Rxb2 29. Kh1 Rb5 30. Rd6 Ke7 31. Re6+ Kd7 32. Re4 Rxf2 33.
Rxf2 Bxf2 34. Be6+ Kd6 35. Kg2 Bb6 36. h4 Re5 37. Rxe5 Kxe5 38. Bg8 h6 39. gxh6
Kf4 40. h7 Bd4 41. Be6 Bg7 42. a4 Ke5 43. Bd7 Kf4 44. a5 Bd4 45. a6 Bg7 46. Kf2
Bf6 47. Ke2 Kg3 48. h5 Kh4 49. Be8 Kg5 50. Kd3 Kh6 51. Ke4 Kg7 52. Kd5 Kxh7
1/2-1/2

[Event "Pozarevacki SK - SK Zadrugar"]
[Site "Pozarevac"]
[Date "2007.04.15"]
[Round "3"]
[White "Tosic, Nebojsa"]
[Black "Cvetkovic, Nemanja"]
[Result "0-1"]
[WhiteElo "2227"]
[BlackElo "2279"]
[PlyCount "62"]

1. e4 c5 2. Nf3 d6 3. d4 cxd4 4. Nxd4 Nf6 5. Nc3 a6 6. Be3 e6 7. g4 h6 8. f4 b5
9. g5 hxg5 10. fxg5 b4 11. Na4 Nxe4 12. Bg2 d5 13. Bxe4 dxe4 14. Qg4 Qc7 15.
Nb3 Nd7 16. O-O-O Be7 17. Rhf1 Ne5 18. Qxe4 Bb7 19. Qf4 Rxh2 20. Kb1 Qxc2+ 21.
Ka1 Nf3 22. Rc1 e5 23. Qg4 Qe2 24. Bc5 Nd4 25. Qg3 Nc2+ 26. Rxc2 Qxf1+ 27. Rc1
Rh1 28. Be3 Rc8 29. Nac5 Rxc5 30. a3 Rxc1+ 31. Nxc1 b3 0-1

[Event "SK Zadrugar - Pozarevacki SK"]
[Site "Pozarevac"]
[Date "2007.04.15"]
[Round "3"]
[White "Jakovljevic, Zivota"]
[Black "Rajkovic, Aleksandar"]
[Result "1-0"]
[WhiteElo "2151"]
[BlackElo "2148"]
[PlyCount "77"]

1. d4 d6 2. c4 g6 3. Nc3 Bg7 4. e4 Nf6 5. f3 Nbd7 6. Be3 e5 7. d5 a5 8. Bd3 Nh5
9. Nge2 O-O 10. Qd2 Nc5 11. Bc2 f5 12. O-O-O f4 13. Bxc5 dxc5 14. d6 Be6 15.
dxc7 Qxc7 16. Nd5 Qf7 17. Nec3 Nf6 18. Ba4 Rad8 19. Qf2 Bxd5 20. cxd5 b6 21.
Qe2 Rb8 22. d6 Kh8 23. Rd2 Rfd8 24. Rhd1 Bf8 25. Bb3 Qd7 26. Nb5 Kg7 27. Qc4
Kh6 28. g3 Qh3 29. gxf4 Qxf3 30. fxe5 Nxe4 31. Re2 Ng5 32. e6 a4 33. Bc2 a3 34.
e7 axb2+ 35. Kb1 Bxe7 36. Rxe7 Qf2 37. Qe2 Qf4 38. Rf1 Qh4 39. Qe5 1-0

[Event "SK Ub - Smederevski SK"]
[Site "Ub"]
[Date "2007.04.15"]
[Round "3"]
[White "Ivanovic, Dragutin"]
[Black "Jovanovic, Drasko"]
[Result "1-0"]
[WhiteElo "2350"]
[BlackElo "2250"]
[PlyCount "83"]

1. d4 Nf6 2. c4 a6 3. a4 c5 4. d5 d6 5. Nc3 g6 6. e4 Bg7 7. f3 a5 8. Be3 Na6 9.
Qd2 h5 10. Nge2 Nd7 11. Nd1 Ne5 12. Nec3 Nb4 13. Be2 O-O 14. O-O f5 15. h3 Nf7
16. Nf2 e5 17. dxe6 Bxe6 18. Nb5 b6 19. Rad1 fxe4 20. Nxe4 d5 21. Ng5 Nxg5 22.
Bxg5 Qb8 23. f4 d4 24. b3 Bd7 25. Bf3 Bf5 26. Rc1 Nd3 27. g4 Nxc1 28. gxf5 Nxb3
29. Qd3 Rxf5 30. Bxa8 Qxa8 31. Qxb3 Qc6 32. Qf3 Qe6 33. Na3 Qd7 34. Rb1 d3 35.
Nb5 d2 36. Rd1 Qe6 37. Kg2 Bf6 38. Bxf6 Qxf6 39. Rxd2 Rxf4 40. Qd5+ Kh7 41. Nd6
Qc3 42. Re2 1-0

[Event "Smederevski SK - SK Ub"]
[Site "Ub"]
[Date "2007.04.15"]
[Round "3"]
[White "Stankovic, Miljan"]
[Black "Sandic, Vladeta"]
[Result "1/2-1/2"]
[WhiteElo "2194"]
[BlackElo "2326"]
[PlyCount "80"]

1. d4 Nf6 2. c4 c5 3. d5 g6 4. Nc3 d6 5. e4 Bg7 6. Be2 O-O 7. Nf3 e6 8. O-O Re8
9. Nd2 Na6 10. Rb1 Nc7 11. a3 b6 12. b4 Nh5 13. Bxh5 Bxc3 14. Bf3 exd5 15. cxd5
Ba6 16. Be2 Bxe2 17. Qxe2 Qf6 18. Qd3 cxb4 19. axb4 Qd4 20. Qxd4 Bxd4 21. Bb2
Bxb2 22. Rxb2 Nb5 23. Rc1 Rac8 24. Rbc2 Rxc2 25. Rxc2 Kf8 26. f4 f5 27. Kf2
fxe4 28. Ke3 Ke7 29. Nxe4 Kd7 30. Kd3 Rf8 31. g3 Rf5 32. Ke3 Ke7 33. Nc3 Nxc3
34. Rxc3 Rxd5 35. Rc7+ Ke6 36. Rxh7 Rb5 37. Rxa7 Rxb4 38. g4 Rb3+ 39. Kd4 Rb4+
40. Ke3 Rb3+ 1/2-1/2

[Event "SK Ub - Smederevski SK"]
[Site "Ub"]
[Date "2007.04.15"]
[Round "3"]
[White "Milanovic, Slavisa"]
[Black "Stankovic, Dragan"]
[Result "1-0"]
[WhiteElo "2304"]
[BlackElo "2262"]
[PlyCount "89"]

1. c4 Nf6 2. Nc3 g6 3. e4 d6 4. d4 Bg7 5. Nf3 O-O 6. h3 c5 7. d5 e6 8. Bd3 exd5
9. cxd5 b5 10. Bxb5 Nxe4 11. Nxe4 Qa5+ 12. Nfd2 Qxb5 13. Nxd6 Qd3 14. N2c4
Qxd1+ 15. Kxd1 Ba6 16. Kc2 Nd7 17. Rd1 Rab8 18. Rb1 h6 19. b3 f5 20. Bb2 Bxb2
21. Rxb2 Nf6 22. Kc1 Rfd8 23. Rbd2 Rd7 24. Re1 Bxc4 25. Nxc4 Ne4 26. Rxe4 fxe4
27. d6 Re8 28. Kd1 Kf7 29. Rd5 Ke6 30. Re5+ Kf7 31. Rxc5 Re6 32. Rd5 Ke8 33.
Ke2 Kd8 34. Ke3 Rf7 35. Nd2 Rf5 36. Rd4 Rg5 37. g3 Ra5 38. a4 Rc5 39. Nxe4 Rc3+
40. Kd2 Rf3 41. b4 Ra3 42. Nc5 Rf6 43. d7 Rb6 44. a5 Rb5 45. Ne6+ 1-0

[Event "Smederevski SK - SK Ub"]
[Site "Ub"]
[Date "2007.04.15"]
[Round "3"]
[White "Isak, Igor"]
[Black "Nikolic, Dragovan"]
[Result "1/2-1/2"]
[WhiteElo "2046"]
[BlackElo "2301"]
[PlyCount "72"]

1. g3 c5 2. Bg2 Nf6 3. Nf3 g6 4. c4 Bg7 5. Nc3 O-O 6. b3 Nc6 7. Bb2 d6 8. d3
Bd7 9. O-O Rb8 10. Qd2 a6 11. d4 cxd4 12. Nxd4 Qa5 13. Rfd1 Qh5 14. Ne4 Nxe4
15. Bxe4 Nxd4 16. Bxd4 Bxd4 17. Qxd4 Bg4 18. f3 Be6 19. Rac1 Qa5 20. Rc2 Rfc8
21. Bd5 Bxd5 22. Qxd5 Qa3 23. Rd4 a5 24. Rh4 Rc5 25. Qd2 h5 26. g4 Qb4 27. gxh5
gxh5 28. Re4 Qxd2 29. Rxd2 Kf8 30. a4 Rbc8 31. Red4 Kg7 32. e4 Kf6 33. f4 Rg8+
34. Rg2 Rg6 35. Kf2 Rc6 36. h4 b6 1/2-1/2

[Event "SK Slava i cast - SK Celin kamen"]
[Site "Pirot"]
[Date "2007.04.15"]
[Round "3"]
[White "Delchev, Aleksander"]
[Black "Kostic, Nebojsa"]
[Result "1-0"]
[WhiteElo "2600"]
[BlackElo "2333"]
[PlyCount "45"]

1. e4 d6 2. d4 Nf6 3. Nc3 e5 4. Nf3 Nbd7 5. Bc4 Be7 6. O-O O-O 7. Re1 c6 8. a4
Qc7 9. h3 b6 10. Ba2 a6 11. Be3 Bb7 12. Nh4 Rfe8 13. Nf5 Bf8 14. dxe5 Nxe5 15.
Bg5 Nfd7 16. Re3 b5 17. Rg3 Kh8 18. f4 Nc4 19. Bxc4 bxc4 20. Kh2 Nc5 21. Bf6
Re6 22. Bxg7+ Bxg7 23. Rxg7 1-0

[Event "SK Celin kamen - SK Slava i cast"]
[Site "Pirot"]
[Date "2007.04.15"]
[Round "3"]
[White "Djokic, Vladan"]
[Black "Randjelovic, Dragana"]
[Result "1-0"]
[WhiteElo "2282"]
[BlackElo "2078"]
[PlyCount "65"]

1. Nf3 e6 2. c4 b6 3. e4 Bb7 4. Nc3 Bb4 5. Qc2 Ne7 6. a3 Bxc3 7. bxc3 f5 8. e5
O-O 9. d4 Ng6 10. h4 d6 11. h5 Nh8 12. Bg5 Qe8 13. h6 g6 14. O-O-O Nd7 15. exd6
cxd6 16. Re1 Nf7 17. Bd2 Nf6 18. Ng5 Ne4 19. Nxe4 Bxe4 20. Qb3 Qd7 21. f3 Bc6
22. d5 exd5 23. cxd5 Ba4 24. Qb4 b5 25. f4 Nd8 26. Qd4 Nb7 27. c4 Nc5 28. Rh3
Rae8 29. cxb5 Qc7 30. Kb2 Re4 31. Rxe4 Nxe4 32. Bc3 Nxc3 33. Rxc3 1-0

[Event "SK Slava i cast - SK Celin kamen"]
[Site "Pirot"]
[Date "2007.04.15"]
[Round "3"]
[White "Mincic, Srbislav"]
[Black "Kajganovic, Miodrag"]
[Result "0-1"]
[WhiteElo "2307"]
[BlackElo "2271"]
[PlyCount "144"]

1. e4 c6 2. d4 d5 3. exd5 cxd5 4. Bd3 Nf6 5. c3 Nc6 6. Bf4 e6 7. Nf3 Bd6 8. Bg3
Nh5 9. Bxd6 Qxd6 10. O-O Nf4 11. Bc2 O-O 12. Nbd2 b6 13. Re1 Ng6 14. Ng5 Qf4
15. Qh5 h6 16. Ngf3 Nge7 17. Re3 g6 18. Qh4 Qxh4 19. Nxh4 Bd7 20. Nhf3 Rac8 21.
Rae1 Rfd8 22. h4 h5 23. Kh2 Kf8 24. Ne5 Nxe5 25. Rxe5 Nc6 26. R5e3 Nxd4 27.
Bxg6 fxg6 28. cxd4 Rc2 29. Nf3 Rxf2 30. Ne5 Be8 31. Nd3 Rd2 32. Kg3 Rc8 33.
Rf3+ Ke7 34. Nf4 Bd7 35. Nxd5+ Kd6 36. Nf6 Rxd4 37. Re2 Rcc4 38. b3 Rc1 39.
Nxd7 Kxd7 40. Rf7+ Kd6 41. Rf6 Rc3+ 42. Kf2 Rxh4 43. Rfxe6+ Kc5 44. Rxg6 Rf4+
45. Ke1 Kb4 46. Re7 Rc2 47. Rxa7 b5 48. Rg3 Rc3 49. Rxc3 Kxc3 50. Ke2 b4 51.
Ke3 Rf5 52. Rd7 Kb2 53. Rd2+ Ka3 54. Ke4 Rg5 55. Kf4 Rc5 56. Ke4 Rg5 57. Kd4
Rg3 58. Kc4 Rg4+ 59. Kc5 Rg5+ 60. Kc6 Rg6+ 61. Kc5 Rg5+ 62. Kd6 h4 63. Ke6 Rg3
64. Kd5 h3 65. gxh3 Rxh3 66. Kc4 Rh4+ 67. Kd3 Rh1 68. Re2 Rc1 69. Re4 Ra1 70.
Re5 Rxa2 71. Kc4 Rc2+ 72. Kb5 Kxb3 0-1

[Event "SK Zadrugar - SK Branicevo"]
[Site "Bozevac"]
[Date "2007.04.22"]
[Round "4"]
[White "Petrov, Marijan"]
[Black "Dezelin, Milan"]
[Result "1-0"]
[WhiteElo "2472"]
[BlackElo "2331"]
[PlyCount "55"]

1. e4 c5 2. Nf3 Nc6 3. d4 cxd4 4. Nxd4 g6 5. Nc3 Bg7 6. Be3 Nf6 7. Be2 O-O 8.
O-O d6 9. f4 Bd7 10. Qd3 a6 11. a4 Rc8 12. Rad1 Nb4 13. Qd2 Ng4 14. Bxg4 Bxg4
15. Rde1 Bd7 16. f5 Nc6 17. Nd5 Ne5 18. Bg5 f6 19. Be3 Nc4 20. Qb4 a5 21. Qb3
Rf7 22. Ne6 Bxe6 23. fxe6 Rf8 24. Qxb7 Rb8 25. Qxe7 Rxb2 26. Bd4 Rb8 27. Qxd8
Rfxd8 28. Ne7+ 1-0

[Event "SK Branicevo - SK Zadrugar"]
[Site "Bozevac"]
[Date "2007.04.22"]
[Round "4"]
[White "Djokic, Nebojsa"]
[Black "Trifunovic, Miroljub"]
[Result "0-1"]
[WhiteElo "2252"]
[BlackElo "2270"]
[PlyCount "144"]

1. e4 e5 2. Nf3 Nc6 3. Bb5 a6 4. Ba4 Nf6 5. O-O b5 6. Bb3 Bc5 7. c3 d6 8. a4
Bb7 9. d3 h6 10. Na3 O-O 11. Nc2 Na5 12. Ne3 Nxb3 13. Qxb3 Bc6 14. a5 Re8 15.
Nd5 Bxd5 16. exd5 e4 17. Ne1 Qd7 18. d4 Ba7 19. Nc2 c5 20. dxc6 Qxc6 21. Nb4
Qb7 22. Bf4 Rad8 23. Rae1 d5 24. Qd1 Re6 25. Re3 Bb8 26. Bxb8 Qxb8 27. f3 Qc7
28. fxe4 dxe4 29. Qb3 Qxa5 30. h3 Qb6 31. Rf5 Qb7 32. Nc2 Rd5 33. Rf1 Rd7 34.
Ree1 Nd5 35. Ne3 Nxe3 36. Rxe3 Qd5 37. Qxd5 Rxd5 38. Rf4 f5 39. g4 g6 40. Kf2
Kf7 41. Rg3 Kf6 42. Ke3 a5 43. gxf5 gxf5 44. Rh4 Kf7 45. Rf4 a4 46. Rf1 Rg6 47.
Rxg6 Kxg6 48. b3 axb3 49. Rb1 Kg5 50. Rxb3 Kh4 51. Kf4 h5 52. Rb1 Kxh3 53. Rh1+
Kg2 54. Rxh5 e3 55. Rg5+ Kf2 56. Rh5 e2 57. Rh2+ Kf1 58. Kf3 e1=N+ 59. Ke3 Kg1
60. Re2 Ng2+ 61. Kf3 Nh4+ 62. Kg3 Kf1 63. Re6 Ng2 64. Re5 f4+ 65. Kf3 Rd8 66.
Rxb5 Rf8 67. Rb2 Ne1+ 68. Ke4 Re8+ 69. Kd5 f3 70. c4 f2 71. c5 Nd3 72. Rb3 Kg1
0-1

[Event "SK Zadrugar - SK Branicevo"]
[Site "Bozevac"]
[Date "2007.04.22"]
[Round "4"]
[White "Cvetkovic, Nemanja"]
[Black "Madjar, Stanislav"]
[Result "1-0"]
[WhiteElo "2279"]
[BlackElo "2176"]
[PlyCount "95"]

1. d4 Nf6 2. c4 e6 3. Nf3 Bb4+ 4. Nbd2 b6 5. a3 Bxd2+ 6. Bxd2 Bb7 7. Bg5 d6 8.
e3 Nbd7 9. Be2 h6 10. Bh4 Qe7 11. O-O O-O 12. b4 a5 13. Qc2 Rfe8 14. Rfc1 axb4
15. axb4 e5 16. Qb2 exd4 17. Rxa8 Bxa8 18. Qxd4 Qe4 19. Ra1 Qb7 20. Ra2 Ne4 21.
Qa1 Qb8 22. Nd4 Bb7 23. Nb5 f6 24. f3 Ng5 25. Qb1 Nf7 26. Bf2 Nde5 27. c5 d5
28. Nd4 c6 29. cxb6 Qd8 30. f4 Nd7 31. Bh5 Nf8 32. e4 Rxe4 33. Bxf7+ Kxf7 34.
Ra7 Re7 35. Nf5 Rd7 36. Bc5 Kg8 37. Nd6 Qb8 38. Qe1 Rxd6 39. Bxd6 Qxd6 40. Rxb7
Qxf4 41. Kh1 d4 42. Ra7 d3 43. Ra2 Qd4 44. b7 Qb6 45. Qe7 Kh7 46. Qxf8 Qxb7 47.
Qd6 Qb5 48. Rd2 1-0

[Event "SK Branicevo - SK Zadrugar"]
[Site "Bozevac"]
[Date "2007.04.22"]
[Round "4"]
[White "Ilic, Aleksandar"]
[Black "Jakovljevic, Zivota"]
[Result "1-0"]
[WhiteElo "2081"]
[BlackElo "2151"]
[PlyCount "91"]

1. e4 e6 2. d4 d5 3. Nc3 Nf6 4. Bg5 Bb4 5. e5 h6 6. Bd2 Bxc3 7. bxc3 Ne4 8. Qg4
g6 9. Bd3 Nxd2 10. Kxd2 Qe7 11. h4 h5 12. Qf4 c5 13. Nf3 cxd4 14. cxd4 Nc6 15.
a3 Bd7 16. Ng5 O-O 17. Nf3 Kg7 18. Rh3 f5 19. exf6+ Rxf6 20. Qg5 e5 21. dxe5
Nxe5 22. Rg3 Nxd3 23. cxd3 Qc5 24. Ke2 Qc3 25. Rc1 Re8+ 26. Kf1 Qxd3+ 27. Kg1
Bc6 28. Ne5 Qe4 29. Nxc6 bxc6 30. Re3 Qxe3 31. fxe3 Rfe6 32. Rc3 Rf8 33. a4
Rff6 34. Rb3 Rf7 35. a5 Ree7 36. a6 Rd7 37. Qe5+ Kh7 38. Rb8 Rg7 39. Qe8 Kh6
40. Qh8+ Rh7 41. Qf8+ Rhg7 42. Rb7 Kh7 43. Qc8 Rde7 44. Rxe7 Rxe7 45. Qxc6 Rxe3
46. Qc7+ 1-0

[Event "SK Ub - SK Jasenica"]
[Site "Smederevska Palanka"]
[Date "2007.04.22"]
[Round "4"]
[White "Sandic, Vladeta"]
[Black "Ristic, Nebojsa"]
[Result "1/2-1/2"]
[WhiteElo "2326"]
[BlackElo "2371"]
[PlyCount "78"]

1. d4 Nf6 2. c4 c5 3. d5 b5 4. cxb5 a6 5. bxa6 d6 6. g3 g6 7. Bg2 Bg7 8. Bd2
O-O 9. Bc3 Nxa6 10. b3 Bf5 11. a3 Nc7 12. a4 Na6 13. f3 Bxb1 14. Rxb1 Nxd5 15.
Bxg7 Ne3 16. Qd2 Nxg2+ 17. Kf2 Kxg7 18. Kxg2 d5 19. h4 h5 20. Nh3 e6 21. Nf4
Qf6 22. g4 hxg4 23. fxg4 Qd4 24. Qxd4+ cxd4 25. Nd3 Rfc8 26. Rhc1 Rxc1 27. Rxc1
Rb8 28. Rb1 e5 29. Nxe5 Re8 30. Nf3 Rxe2+ 31. Kf1 Re3 32. Nxd4 Re4 33. Rd1 Rxg4
34. Nf3 Nc5 35. Rd4 Ne4 36. b4 Rf4 37. Kg2 Rg4+ 38. Kf1 Rf4 39. Kg2 Rg4+
1/2-1/2